01551 a2200193 4500003000500000005001700005010001600022020001500038040000900053082001200062100002300074245007000097260003300167300003400200490003500234505104300269650001501312700003001327Nust20221010140421.0 a 73003892 a002344360X cNust00a540,GOL1 aGoldberg, David E.10aCollege chemistryc[by] David E. Goldberg [and] Clyde R. Dillard. aNew York,bMacmillanc[1974] axviii, 634 p.billus.c23 cm.0 aA Series of books in chemistry aIntroduction (Page-1), Chemical Formulas (Page-31), Stoichiometry (Page-55), Gases (Page-77), Energy Relationship in Chemical Reactions (Page-92), Oxidation and Reduction (Page-118), Electrochemistry (Page-133), Experimental Basis for the Atomic Theory (Page-159), Electronic Structure of the Atom (Page-185), Chemical Bonding (Page-210), Some Relationships Between Properties and Structure (Page-243), Kinetics and Equilibria (Page-276),Acid Base Equilibria in Aqueous Solution (Page-294), Further Concepts of Equilibrium (Page-316), Trends Towards Equilibrium (Page-333), The Kinetic Molecular Theory (Page-247), Collision Theory of Reaction Rates (Page-363), Liquids (Page-375), Solutions (Page-388),Crystalline Solids, Metals and Metallurgy (Page-414), Coordination Compounds (Page-446), Nuclear Chemistry and Radiochemistry (Page-474), Chemistry of the Nonmetals (Page-497), Compounds of the Metals (Page-542), Organic Chemistry and Biochemistry (Page-571). 0aChemistry.1 aDillard, Clyde R.,d1920-